Z básní A. V. Koľcova

Bibliographic Details
Main Author: Kol'cov, Aleksej Vasil'jevič, 1809-1842 (Author)
Other Authors: Horal, 1842-1919 (Translator)
Format: Article
Language:Slovak
Russian

MARC

LEADER 00000nab a2200000uu 4500
001 vtls011514528
003 SK-MaSNL
005 20260303162513.0
008 230302|1905 xo |||||||||||||||||slo|
015 |a SNBRB 
035 |a (urnnbn)urn:nbn:sk:snk:ar-001gfw 
035 |a (uuid)4f22db0a-3c95-4997-8af7-5e36fcf3616e 
035 |a urn:nbn:sk:snk-abe4dm 
040 |a SNKBUCL  |b slo  |c SNKBUCL  |e AACR2 
041 1 |a slo  |h rus 
044 |a xo  |c SK 
100 1 |a Kol'cov, Aleksej Vasil'jevič,  |d 1809-1842  |4 aut  |9 1185945 
245 1 0 |a Z básní A. V. Koľcova  |c Horal 
700 0 |a Horal,  |d 1842-1919  |4 trl  |9 185615 
773 0 |t Slovenské pohľady  |g Roč. 25, č. 9 (1905), s. 562-563 
958 |a OND 
958 |a EUIPO 
958 |a article21 
999 |c 2054814  |d 2056744